00469nam a22001457a 450000500170000000800410001702000230005803500120008104000130009310000270010624501030013326000420023630000170027870000280029520120130154831.0120130t xxu||||| |||| 00| 0 eng d a8170002869c575.00 aB-19363 aDPLbENG aMahaptra, Piyush Kanti aBook Byte and beyond :bLibrary without wallscby Piyush Kanti Mahpatra and Bhubneswar Chakrobarti aNew DelhibEss Ess Publicationc2000 a265p.c22cms aChakrobarty, Bhubneswar